000
00311nam a22001337a 4500
008
180212b xxu||||| |||| 00| 0 eng d
020
_a
1567065325
041
_a
eng
080
_a
34
100
_a
15
101
_a
JUR
245
_a
Constitutional law Principles and policies
_c
Chemerinsky,E
942
_2
udc
_c
BK
999
_c
42298
_d
42298